| 000 | 00671nam a2200229 4500 | ||
|---|---|---|---|
| 005 | 20150702163000.0 | ||
| 008 | 150702s2005 ch a b 000 0 chi d | ||
| 020 |
_a9578636121 (精裝) : _cNT$650 |
||
| 041 | 0 | _achi | |
| 050 | _aBT21.2 | ||
| 090 |
_a240.9 _b4432 |
||
| 100 | 1 | _a林鴻信 | |
| 245 | 1 | 0 |
_a教理史 / _c林鴻信著 |
| 250 | _a初版 | ||
| 260 |
_a臺北縣新店市 : _b禮記出版 : _b華人基督教文宣基金會, _c2005 |
||
| 300 | _a737p. | ||
| 490 | 0 |
_a神學人叢書 ; _v4-5 |
|
| 500 | _a本書由上下冊合訂成一冊 | ||
| 504 | _a含參考書目及附録 | ||
| 650 | 7 |
_a基督教 _x哲學,原理, 歷史. _2lcstt. |
|
| 942 |
_2lcc _cBK |
||
| 999 |
_c38982 _d38982 |
||